| 000 | 00877nam a2200265 a 4500 | ||
|---|---|---|---|
| 003 | CO-ViMGA | ||
| 005 | 20230915232207.0 | ||
| 008 | 091201s2008 ck a jr 0001j spa d | ||
| 020 | _a978958303038-3 | ||
| 040 |
_aCO-ViMGA _bspa _cCO-ViMGA |
||
| 041 | 1 | _heng | |
| 043 | _ae-uk-en | ||
| 082 | 0 | 4 |
_aI823.91 _bG85b _221 |
| 100 | 1 |
_aGulbis, Stephen. _91867 |
|
| 245 | 1 | 0 |
_aBlanquita y Rocky / _cStephen Gulbis ; traductor Diana Esperanza Gómez. |
| 250 | _aEditor Javier R. Mahecha López. | ||
| 260 | 3 |
_aBogotá : _bPanamericana Editorial, _c2008. |
|
| 300 |
_a27 p. : _bil. ; _c25 cm. |
||
| 534 |
_pTítulo original : _tBlanche and Rocky. |
||
| 650 | 1 | 4 |
_aAnimales _v Cuentos infantiles. _9307 |
| 650 | 1 | 4 |
_aCuentos infantiles ingleses. _9103 |
| 700 | 1 |
_aGómez, Diana Esperanza, _etr. _91868 |
|
| 700 | 1 |
_aMahecha López, Javier R., _eed. _91869 |
|
| 942 |
_2ddc _cBK |
||
| 999 |
_c33625 _d33625 |
||